|
|
|
|
| LEADER |
01790nam a2200361 a 4500 |
| 001 |
mzk03001036013 |
| 003 |
CZ BrMZK |
| 005 |
20201030132817.0 |
| 007 |
ta |
| 008 |
060321s1732 it af fr|||||00| ||latod |
| 040 |
|
|
|a BOA001
|b cze
|
| 072 |
|
7 |
|a 094
|x Staré tisky
|2 Konspekt
|9 12
|
| 080 |
|
|
|a (0.068)094
|2 MRF
|
| 100 |
1 |
|
|a Graevius, Johannes Georgius,
|d 1632-1703
|7 ola364051
|4 aut
|
| 245 |
1 |
0 |
|a Thesaurus antiquitatum Romanarum.
|n Volumen sextum /
|c congestus a Joanne Georgio Graevio. Accesserunt Variae & accuratae tabulae aeneae
|
| 260 |
|
|
|a Venetiis :
|b Typis Bartholomaei Javarina,
|c 1732
|
| 300 |
|
|
|a [16] s., 230 sl., [9] s., 245-406 sl., [4], 411-416, [6] s., 417-1030 sl., [7], 1045-1048 s., 1049-1156 sl., [6] s., 1167-1182 sl., [2] s., 1189-1212 sl., [4] s., [2], 1221-1310, [70] sl., [3] příl. ;
|c 2°
|
| 500 |
|
|
|a Výzdoba: Předtitul, nad impresem alegorická mědirytina, iniciály, viněty, mědirytinové ilustrace v textu i na přílohách
|
| 510 |
3 |
|
|a ICCU
|
| 561 |
|
|
|a Provenience: [mědirytinové erbovní exlibris] Friedrich Graf Sylva Tarouca
|
| 561 |
|
|
|a Provenience: [razítko] Franzmuseum D.K.K.M.S. Ackerbaugesellschaft
|
| 563 |
|
|
|a Původní kožená vazba se zlaceným hřbetem
|
| 655 |
|
7 |
|a staré tisky
|7 fd422076
|2 czenas
|
| 856 |
4 |
2 |
|u https://books.google.fr/books?id=NFqjkXasSRMC&hl=fr&pg=PP7#v=onepage&q&f=false
|y Digitalizovaný dokument
|z exemplář Bibliothèque municipale de Lyon, sign. SJ AK 453/6
|
| 903 |
|
|
|a RP
|
| 910 |
|
|
|a BOA001
|b ST5-0003.151,Rom.6
|
| 978 |
|
|
|b Javarina, Bartolomeo
|a Venezia
|c 1732
|
| 984 |
|
|
|a Benátky
|b Itálie
|
| 985 |
|
|
|a 1701-1750
|
| 990 |
|
|
|a BK
|
| 993 |
|
|
|a Y
|
| 991 |
|
|
|k mzk
|
| 996 |
6 |
|
|b 2619312309
|c ST5-0003.151,Rom.6
|l stud. ST
|r Sklad / do násl. otevíracího dne
|n 0
|w 001036093
|u 000010
|a 1
|e BOA001
|s P
|